Emory Law Journal

Detalles Bibliográficos
Formato: Revista
Lenguaje:inglés
Publicado: Atlanta : Emory University, School of Law, 1952-
Materias:
Acceso en línea:http://www.vlex.com/source/7189

MARC

LEADER 00000nas a22000007a 4500
005 20130319154445.0
007 cr|||| ||||
008 130319c19529999xxu u|ps |||| 0|||a1eng d
022 |a 944076  
035 |a 7189 
040 |a vLex 
090 |c 3957  |d 3957 
245 0 0 |a Emory Law Journal  |h [Recurso electrn̤ico]  
256 |a Servicio en ln̕ea 
260 |a Atlanta :  |b Emory University, School of Law,   |c 1952- 
300 |a 1 Recurso electrn̤ico 
506 |d vLex Global  |d vLex Global (Academic Edition, excluding Law Schools)  |d vLex Global (U.S. Academic Edition, Law Schools)  |d vLex Global (U.S. Academic Edition, excluding Law Schools)  |d vLex Global (Academic Edition, Law Schools) 
650 0 4 |a Derecho laboral  |v Revistas  |z Estados Unidos 
740 |a vLex Revistas (Servicio en ln̕ea) 
856 |a Acceso restringido  |u http://www.vlex.com/source/7189 
942 |c REV 
999 0 |a Labor law and legislation